Hevhetia classic & contemporary compilation

Další autoři: Godár, Vladimír, 1956-, Kolkovič, Jozef, 1957-, Bach, Johann Sebastian, 1685-1750., Bach, Johann Sebastian, 1685-1750., Cage, John, 1912-1992., Čekovská, Ľubica, 1975-
Vydáno: [S.l.] : Hevhetia, p2008
Témata:
Fyzický popis: 1 zvuková deska : digital, stereo ; 12 cm
Zvukové nahrávky
Uloženo v:
LEADER 02588njm a2200553 a 4500
001 000940408
003 CZ BrMZK
005 20230926124942.0
007 sd fsngnnmmned
008 090512s2008 xo mun g d
028 0 1 |a HV 0025-2-331  |b Hevhetia 
040 |a BOA001  |b cze 
047 |a ft  |a fg  |a zz  |a sg 
072 7 |a 784  |x Vokální hudba  |2 Konspekt  |9 9 
080 |a (086.76)  |2 MRF 
080 |a 78.083.2  |2 MRF 
080 |a 78.086.2  |2 MRF 
080 |a 784.3/.7  |2 MRF 
080 |a 786.2  |2 MRF 
080 |a 786.2.082.2  |2 MRF 
080 |a 786.2.083.3  |2 MRF 
245 0 0 |a Hevhetia  |h [zvukový záznam] :  |b classic & contemporary compilation 
246 3 1 |a Classic & contemporary compilation 
260 |a [S.l.] :  |b Hevhetia,  |c p2008 
300 |a 1 zvuková deska :  |b digital, stereo ;  |c 12 cm 
500 |a Kompaktní deska 
500 |a Příl. k čas.: Hudobný život 2008/1-2 
505 0 |a Works for keyboard. Chromatic fantasia and fugue in d minor / J.S. Bach -- Sonatas and interludes. Sonata XII / J. Cage -- Passing impressions. Autumn song ; <<A>>Sonnet to the moon ; Dance ; Dying day ; Storm wind ; At day-close in november / L'. Salamon-Čekovská -- Nine preludes/Silent tears of fathers. <<The>>Bells that brought the devil = Zvony, ktoré privolali diabla / J. Kolkovich -- Flashing. Ibuki for accordion and piano / N. Motomatsu -- New slovak music for piano. Emmeleia pour piano á quattre mains / V. Godár -- Goldberg variations. Variatio 16 Ouverture a 1 Clav. / J.S. Bach 
511 0 |a V podání různých interpretů 
650 0 7 |a fantazie  |7 ph120133  |2 czenas 
650 0 7 |a fuga  |7 ph138531  |2 czenas 
650 0 7 |a interludia  |7 ph224367  |2 czenas 
650 0 7 |a klavírní cykly  |7 ph321767  |2 czenas 
650 0 7 |a písně  |7 ph115979  |2 czenas 
650 0 7 |a sonáty  |7 ph321712  |2 czenas 
655 7 |a kompaktní desky  |7 fd201991  |2 czenas 
700 1 |a Godár, Vladimír,  |d 1956-  |7 ola2002113990 
700 1 |a Kolkovič, Jozef,  |d 1957-  |7 ola2008434480 
700 1 2 |a Bach, Johann Sebastian,  |d 1685-1750.  |t Goldberg-Variationen  |7 aun2007398897 
700 1 2 |a Bach, Johann Sebastian,  |d 1685-1750.  |t Chromatische Fantasie und Fuge  |7 aun2008472050 
700 1 2 |a Cage, John,  |d 1912-1992.  |t Sonatas and Interludes 
700 1 2 |a Čekovská, Ľubica,  |d 1975-  |t Passing Impressions 
740 0 2 |a Chromatická fantazie a fuga D moll 
740 0 2 |a Goldbergovy variace 
740 0 2 |a Sonáty a Interludia 
910 |a BOA001  |b CD-0015.338 
990 |a AV 
991 |b 200908 
996 6 |b 261H017017  |c CD-0015.338  |l MZK  |r Sklad / do 24 hodin  |n 0  |w 000940408  |u 000010  |a 1  |e BOA001  |j MZK50  |s P